00960nam a2200217 i 450000100060000000300090000600500170001500700030003200800410003510000360007624502310011226000550034330000340039849000340043270000280046670000370049483000420053185200310057399900170060495201210062149705ES-MaACL20230906162040.0t|030722q1944 sp ||||1| spa d1 aCoulson, Charles Alfred.94124310aOndas b: exposición matemática de los tipos más comunes de movimiento ondulatorio / cpor Charles Alfred Coulson ; versión castellana de la 4ª edición inglesa al cuidado de Irene Andresco y Antonio Flores de Lemus. aMadrid : bDossat, c[1944?] (fNuevas Gráficas) aXI, 174 p. : bil. ; c22 cm.1 aUniversity Mathematical texts1 aAndresco, Irene.9216251 aFlores de Lemus, Antonio.9512770 aUniversity Mathematical texts9180736 aES-MaACLjD-8078 bR.27031 c49705d49705 00104070aATENEOMbATENEOMcSVId2008-01-17eSCl0oD-8078p901052299r2023-02-23 00:00:00w2023-02-23yMONOGRAFIA